000 004420000a22001810004500
003 LK-CoMWRAF
005 20231103150720.0
008 230817t ||||| |||| 00| 0 eng d
040 _aLK-CoMWRAF
_dLK-CoMWRAF
_eLK-CoMWRAF
041 _aeng
082 _a823
_bSHE
100 _aSheikh, Farhana
245 _aThe Red box
260 _bRupa & Company
_aCalcutta (India)
_c1991
300 _ap.228
650 _aEnglish Fiction
942 _cBK
999 _c2350
_d2350